=LDR 00000nam 2200000 4500 =001 INLIS000000000035921 =005 20130612141735 =008 ***********************************Ind** =035 ##$$0010-061300000035921 =041 ##$$a Ind =082 ##$$a 322 =090 ##$$a 322, sha =100 ##$$a Shabira, Aghnia nada =245 ##$$a Kecil-kecil punya karta, Game yang Berbahaya =260 ##$$a 2009 $b Bandung =300 ##$$a 172 hlm, ilus, 21 cm =850 ##$$a NBPNMAT